000 00639cam a22002413a 4500
001 33029
003 PGUSA
005 20140828083720.0
008 100630s2010||||xxu|||||s|||||000 | eng d
040 _aPGUSA
_beng
042 _adc
050 4 _aSF
100 1 _aSlocum, Rob R.
_q(Rob Roy),
_d1883-1944
245 1 0 _aDucks and Geese
_h[electronic resource] /
_cRob R. Slocum
260 _bProject Gutenberg,
_c2010
506 _aPublic domain in the USA.
516 _aElectronic text
653 _aDucks
653 _aGeese
830 0 _aProject Gutenberg
_v33029
856 4 0 _uhttp://www.gutenberg.org/ebooks/33029
942 _cEB
999 _c262284
_d262284